000 00974nam a2200277Ia 4500
003 OSt
005 20221005063957.0
006 a|||||r|||| 00| 0
007 ta
008 221004b |||||||| |||| 00| 0 eng d
020 _a9781506314402 (hbk)
_cUSD 125.00
024 _a29346
037 _b109990, 14/03/2017, International Book Distributors
_cTextual
040 _aCRL
_cCRL
_beng
041 _2eng
_aeng
082 _aSN1:(X:8), Q7
100 _aNeck Christopher P. Au.
_9603327
245 0 _aOrganizational behavior
_b a critical-thinking approach
260 _aLos
_bAngles Sage USA
_c2017
300 _axxvi,523p.
_ccm.
650 _aORGANIZATIONAL BEHAVIOUR
700 _a Houghton Jeffery D. Au.
_935930
700 _a Murray Emma L. Au.
_9603328
942 _hSN1:(X:8), Q7
_cTEXL
_2cc
999 _c972179
_d972179